[Event "ICS Rated standard match"]
[Site "204.178.125.65"]
[Date "2000.05.21"]
[Round "?"]
[White "Hossa"]
[Black "cmslim"]
[Result "0-1"]
[WhiteElo "2336"]
[BlackElo "2482"]
[PlyCount "168"]
[EventDate "2000.??.??"]

1. e4 d5 2. exd5 Qxd5 3. Nc3 Qa5 4. d4 Nf6 5. Nf3 c6 6. Bc4 e6 7. Bd2 Qc7 8. h4
Bd6 9. Ng5 O-O 10. Nce4 Nxe4 11. Nxe4 e5 12. Bc3 b5 13. Bb3 Qe7 14. d5 c5 15.
a4 c4 16. Ba2 b4 17. Bd2 Ba6 18. h5 Nd7 19. h6 g6 20. Be3 Rfc8 21. Qe2 f5 22.
Bg5 Qf8 23. Nd2 c3 24. Qxa6 cxd2+ 25. Bxd2 Rxc2 26. Qd3 Rc7 27. O-O Nc5 28. Qe2
b3 29. Bb1 f4 30. Bb4 Qxh6 31. Bxc5 Rxc5 32. Qg4 Re8 33. Bf5 e4 34. Rfe1 Rc4
35. Bd7 f3 36. Qh3 Qxh3 37. Bxh3 fxg2 38. Rac1 Rd4 39. Be6+ Kg7 40. Kxg2 Rd2
41. Rc6 Be5 42. Rxe4 Bb8 43. Rb4 Rf8 44. Kg1 Rxb2 45. Rb7+ Kh8 46. Rc8 Rxc8 47.
Bxc8 Be5 48. Kf1 Rc2 49. Rxb3 Rxc8 50. Re3 Bd6 51. Kg2 Rc5 52. Re8+ Kg7 53. Rd8
Rxd5 54. Rd7+ Kf6 55. Rxh7 Bc5 56. Rc7 Rg5+ 57. Kh3 Bxf2 58. Rc8 Ke5 59. Rf8
Be3 60. Rf3 Ke4 61. Rg3 Rh5+ 62. Kg2 g5 63. a5 Rh6 64. Rg4+ Bf4 65. Kf2 Ra6 66.
Rg1 Be3+ 67. Kf1 Bxg1 68. Kg2 Be3 69. Kg3 Rxa5 70. Kg4 Rb5 71. Kg3 a5 72. Kg4
a4 73. Kg3 a3 74. Kg4 a2 75. Kg3 a1=Q 76. Kg4 Qg1+ 77. Kh5 g4+ 78. Kg6 g3 79.
Kf6 Qf2+ 80. Ke7 g2 81. Kd7 g1=Q 82. Kc6 Qf5 83. Kc7 Qg7+ 84. Kd6 Rb6# {
Hossa checkmated} 0-1

[Event "ICS rated standard match"]
[Site "204.178.125.65"]
[Date "2000.05.21"]
[Round "?"]
[White "cmslim"]
[Black "Hossa"]
[Result "1/2-1/2"]
[WhiteElo "2492"]
[BlackElo "2326"]
[PlyCount "92"]
[EventDate "2000.??.??"]

1. Nf3 Nf6 2. c4 c6 3. Nc3 e6 4. e4 d5 5. e5 Ne4 6. Qc2 Nxc3 7. dxc3 Nd7 8. Bf4
Be7 9. O-O-O Nc5 10. Kb1 O-O 11. Be2 f6 12. Rhe1 fxe5 13. Bxe5 Bf6 14. Bd4 b6
15. Bf1 Bd7 16. b4 Ne4 17. Bd3 Bxd4 18. Bxe4 dxe4 19. Nxd4 Qh4 20. Rxe4 Qxf2
21. Nxe6 Qxc2+ 22. Kxc2 Rf2+ 23. Rd2 Rxd2+ 24. Kxd2 a5 25. c5 b5 26. Nd4 axb4
27. Re7 bxc3+ 28. Kxc3 Be8 29. g4 g6 30. g5 Ra3+ 31. Kb2 Ra8 32. h3 Rc8 33. Nf3
Rd8 34. Kc3 Bf7 35. Rc7 Ra8 36. Ne5 Ra3+ 37. Kb2 Rxa2+ 38. Kb1 Rf2 39. Nxc6 Be6
40. h4 Rf4 41. Rb7 Rxh4 42. Rxb5 Rg4 43. Rb8+ Kg7 44. Rb7+ Kg8 45. Rb8+ Kg7 46.
Rb7+ Kg8 1/2-1/2

[Event "ICS rated standard match"]
[Site "204.178.125.65"]
[Date "2000.05.21"]
[Round "?"]
[White "Hossa"]
[Black "cmslim"]
[Result "1/2-1/2"]
[WhiteElo "2333"]
[BlackElo "2485"]
[PlyCount "140"]
[EventDate "2000.??.??"]

1. e4 e5 2. Nf3 Nc6 3. Bb5 a6 4. Ba4 Nf6 5. O-O Be7 6. d3 b5 7. Bb3 d6 8. a4 b4
9. Nbd2 Na5 10. Ba2 O-O 11. Nb3 Nc6 12. Nfd2 d5 13. exd5 Qxd5 14. Nf3 Qd6 15.
Be3 Nd5 16. Bc5 Qg6 17. Bxe7 Ndxe7 18. Qd2 h6 19. Qe3 Nd5 20. Qe4 Qxe4 21. dxe4
Nf4 22. h3 Be6 23. Nc5 Bxa2 24. Rxa2 f5 25. exf5 Rxf5 26. Kh2 Nd4 27. Ne1 Nd5
28. Ra1 Raf8 29. Ned3 Nxc2 30. Rac1 Nd4 31. Nxa6 Nb3 32. Rc6 e4 33. Ndxb4 Nxb4
34. Nxb4 Nd2 35. Rfc1 Rxf2 36. Nd5 Nf3+ 37. Kh1 Nh4 38. R1c2 Nxg2 39. Kg1 Rxc2
40. Rxc2 Nf4 41. Nxf4 Rxf4 42. Rxc7 e3 43. Re7 Rb4 44. a5 Rxb2 45. Rxe3 Ra2 46.
Re5 g5 47. Kf1 Kf7 48. Rc5 Ke6 49. Rb5 Kd6 50. h4 g4 51. Rb6+ Ke7 52. Rxh6 Rxa5
53. Kg2 Kf7 54. Rc6 Ra3 55. Rc5 Rh3 56. h5 Kf6 57. Rb5 Re3 58. Kf2 Rf3+ 59. Ke2
Rf5 60. Rxf5+ Kxf5 61. h6 Kg6 62. h7 Kxh7 63. Kf2 Kg6 64. Kg3 Kg5 65. Kg2 Kh4
66. Kh2 g3+ 67. Kg2 Kg4 68. Kg1 Kf3 69. Kf1 g2+ 70. Kg1 Kg3 {Hossa stalemated}
1/2-1/2

[Event "ICS rated standard match"]
[Site "204.178.125.65"]
[Date "2000.05.21"]
[Round "?"]
[White "cmslim"]
[Black "Hossa"]
[Result "1-0"]
[WhiteElo "2478"]
[BlackElo "2340"]
[PlyCount "77"]
[EventDate "2000.??.??"]

1. e4 d5 2. exd5 Qxd5 3. Nc3 Qa5 4. Bc4 Nc6 5. h3 Nf6 6. d3 e6 7. Bd2 Bb4 8.
Nf3 O-O 9. a3 Bxc3 10. Bxc3 Qf5 11. O-O Nd5 12. Bd2 Ne5 13. Bxd5 exd5 14. Nh4
Qf6 15. Qh5 Nc6 16. c3 d4 17. c4 Qe5 18. Qf3 Qe7 19. Qg3 Qe2 20. Bh6 Qe5 21.
Bf4 Qh5 22. Bxc7 Qe2 23. b4 a6 24. Rfe1 Qc2 25. b5 axb5 26. cxb5 Na7 27. Be5 f6
28. Rac1 Qa2 29. Rc7 Rf7 30. Bxd4 Bxh3 31. Ree7 Be6 32. Rxf7 Qb1+ 33. Kh2 Bxf7
34. Nf5 Bg6 35. Rxg7+ Kh8 36. Rxh7+ Kxh7 37. Qc7+ Bf7 38. Qxf7+ Kh8 39. Qg7# {
Hossa checkmated} 1-0

[Event "ICS rated standard match"]
[Site "204.178.125.65"]
[Date "2000.05.21"]
[Round "?"]
[White "Hossa"]
[Black "cmslim"]
[Result "0-1"]
[WhiteElo "2330"]
[BlackElo "2488"]
[PlyCount "114"]
[EventDate "2000.??.??"]

1. e4 c6 2. d4 d5 3. e5 Bf5 4. Ne2 e6 5. Ng3 Bg6 6. h4 h6 7. h5 Bh7 8. Be3 Qb6
9. b3 c5 10. Nc3 Nc6 11. dxc5 Qa5 12. Bd2 Qxc5 13. f4 Nb4 14. Rc1 O-O-O 15. Be2
Bxc2 16. Rxc2 Nxc2+ 17. Qxc2 d4 18. Nge4 Qc7 19. Bd3 dxc3 20. Bxc3 Kb8 21. Nd6
f6 22. Nc4 Bc5 23. g3 f5 24. b4 Qd7 25. Be2 Bd4 26. Bxd4 Qxd4 27. Nd6 Nf6 28.
Bf3 Ne8 29. Qc5 Qd3 30. Nxe8 Qd2+ 31. Kf1 Rhxe8 32. a3 Rd3 33. Be2 Rc8 34. Qf2
Re3 35. Bc4 Qc1+ 36. Kg2 Qxc4 37. Kh3 Qd3 38. Re1 Rf3 39. Qg2 Rc2 40. Qg1 Rc3
41. Kh2 Qd2+ 42. Qg2 Qxe1 43. a4 Rf2 44. Kh3 Rxg2 45. Kxg2 Rxg3+ 46. Kh2 Qh1+
47. Kxg3 Qxh5 48. Kf2 Qg4 49. b5 h5 50. Ke3 h4 51. Kd2 h3 52. a5 h2 53. b6 h1=Q
54. bxa7+ Kxa7 55. Kc2 Qhf3 56. Kb1 Qgg2 57. Kc1 Qff1# {Hossa checkmated} 0-1

[Event "ICS rated standard match"]
[Site "204.178.125.65"]
[Date "2000.05.21"]
[Round "?"]
[White "cmslim"]
[Black "Hossa"]
[Result "1-0"]
[WhiteElo "2497"]
[BlackElo "2321"]
[PlyCount "103"]
[EventDate "2000.??.??"]

1. c4 d5 2. cxd5 Qxd5 3. Nc3 Qd8 4. d4 Nf6 5. Nf3 Bf5 6. Qb3 Qc8 7. Ne5 e6 8.
f3 h6 9. e4 Bh7 10. Bc4 Bd6 11. Be3 O-O 12. O-O c5 13. Nb5 Be7 14. Rad1 Nc6 15.
Nxc6 bxc6 16. Nc3 cxd4 17. Bxd4 Qc7 18. Qc2 Bd6 19. g3 e5 20. Be3 Rfd8 21. Qf2
Rd7 22. Rd2 Bb4 23. Rxd7 Nxd7 24. Rc1 Qb7 25. a3 Be7 26. Rd1 a5 27. Nb5 Bg6 28.
Nd6 Qc7 29. Nf5 Bxf5 30. exf5 Rd8 31. Kg2 a4 32. b4 axb3 33. Bxb3 Qb7 34. Qa2
Rf8 35. a4 Bg5 36. Bf2 Qc7 37. a5 c5 38. Qa4 Nb8 39. a6 Qa7 40. Bxc5 Qxc5 41.
a7 Na6 42. Qxa6 Ra8 43. Rd7 e4 44. fxe4 Be3 45. Bxf7+ Kf8 46. Bd5 Qxd5 47. exd5
Bb6 48. Qb7 Rd8 49. Rf7+ Kg8 50. Rxg7+ Kh8 51. Rh7+ Kg8 52. Qg7# {
Hossa checkmated} 1-0

[Event "ICS Rated standard match"]
[Site "204.178.125.65"]
[Date "2000.05.21"]
[Round "?"]
[White "Hossa"]
[Black "Krakov"]
[Result "1/2-1/2"]
[WhiteElo "2312"]
[BlackElo "2354"]
[PlyCount "77"]
[EventDate "2000.??.??"]

1. e4 c5 2. Nf3 d6 3. c3 Nf6 4. Bd3 Nc6 5. O-O Bg4 6. Bc2 e6 7. d3 d5 8. exd5
Qxd5 9. Nbd2 Rd8 10. Re1 Bf5 11. c4 Qd6 12. Ba4 Qc7 13. Ne5 Bd6 14. Ndf3 O-O
15. Bxc6 bxc6 16. Bg5 Rb8 17. Qe2 Ng4 18. Bf4 Rfd8 19. Rad1 Nxe5 20. Bxe5 Bg4
21. Bxd6 Rxd6 22. b3 Qa5 23. Ra1 Bxf3 24. Qxf3 Rbd8 25. Qe4 Qc3 26. Qe5 Rxd3
27. Qxc3 Rxc3 28. Rad1 Rd4 29. Rb1 Rc2 30. a3 Kf8 31. Re3 Ke7 32. Rg3 g6 33.
Re3 Ra2 34. a4 Rdd2 35. Rf3 Rab2 36. Re1 h5 37. h4 f6 38. Rfe3 e5 39. Rf3
1/2-1/2

[Event "ICS rated blitz match"]
[Site "204.178.125.65"]
[Date "2000.05.21"]
[Round "?"]
[White "Hossa"]
[Black "Amateur"]
[Result "1-0"]
[WhiteElo "2435"]
[BlackElo "2593"]
[PlyCount "161"]
[EventDate "2000.??.??"]

1. e4 e5 2. Nf3 Nc6 3. Bb5 a6 4. Ba4 Nf6 5. d3 b5 6. Bb3 Be7 7. a4 Bb7 8. axb5
axb5 9. Rxa8 Qxa8 10. O-O O-O 11. Nc3 b4 12. Nd5 Nxd5 13. Bxd5 d6 14. Bd2 Na7
15. Qa1 c5 16. Bxb7 Qxb7 17. Qa2 Nc8 18. Ra1 Nb6 19. Qa7 Qxa7 20. Rxa7 Bd8 21.
g4 f6 22. Be3 Rf7 23. Ra5 Nc8 24. Ra8 Rc7 25. h4 Kf7 26. h5 Ke6 27. h6 gxh6 28.
Bxh6 Kd7 29. Kg2 Nb6 30. Ra6 Kc6 31. Ra5 Nc8 32. Kf1 Rd7 33. Ra6+ Kb5 34. Ra1
Nb6 35. Nh4 d5 36. Nf5 dxe4 37. dxe4 Nc4 38. b3 Nd2+ 39. Bxd2 Rxd2 40. Ra8 Bb6
41. Ne3 Rd8 42. Ra2 Rd6 43. Kg2 Rd7 44. Nd5 Bd8 45. Ra8 h6 46. Rb8+ Ka6 47. Rc8
Kb5 48. Ra8 Rd6 49. Ra7 Bb6 50. Rh7 Bd8 51. Rxh6 Rc6 52. Rh7 Rd6 53. Kf3 Ka5
54. Rh6 Ra6 55. Kg2 Kb5 56. Kf3 Ka5 57. c4 bxc3 58. Ke3 Ra7 59. Kd3 Kb5 60.
Nxc3+ Kb4 61. Kc2 c4 62. Nd5+ Kc5 63. bxc4 Ra2+ 64. Kd3 Ra3+ 65. Ke2 Ra2+ 66.
Kf3 Kxc4 67. Rh8 Ba5 68. Ra8 Ra3+ 69. Kg2 Kc5 70. Nxf6 Ra2 71. g5 Kb5 72. g6
Rd2 73. Nd5 Rxd5 74. exd5 Bd2 75. g7 Kc5 76. g8=Q Bf4 77. Rc8+ Kb6 78. d6 e4
79. Qb3+ Ka7 80. Rb8 e3 81. Qb7# {Amateur checkmated} 1-0

[Event "ICS rated standard match"]
[Site "204.178.125.65"]
[Date "2000.05.21"]
[Round "?"]
[White "Yousef"]
[Black "Hossa"]
[Result "0-1"]
[WhiteElo "2038"]
[BlackElo "2312"]
[PlyCount "54"]
[EventDate "2000.??.??"]

1. d3 d5 2. Nc3 Nf6 3. g3 e5 4. Bg2 d4 5. Nb1 Bc5 6. e4 Nc6 7. Ne2 Bg4 8. h3
Bxe2 9. Qxe2 a5 10. f4 Bb4+ 11. Bd2 exf4 12. gxf4 O-O 13. a3 Bc5 14. Bf3 Re8
15. Kd1 Nd5 16. Rg1 Ne3+ 17. Bxe3 dxe3 18. c3 Qf6 19. e5 Qxf4 20. Bxc6 bxc6 21.
d4 Rad8 22. Kc2 Qe4+ 23. Kb3 Rxd4 24. cxd4 Rb8+ 25. Ka4 Qxd4+ 26. b4 Rxb4+ 27.
axb4 Qxb4# {Yousef checkmated} 0-1

[Event "ICS Rated standard match"]
[Site "204.178.125.65"]
[Date "2000.05.21"]
[Round "?"]
[White "Hossa"]
[Black "Yousef"]
[Result "1-0"]
[WhiteElo "2313"]
[BlackElo "2021"]
[PlyCount "119"]
[EventDate "2000.??.??"]

1. e4 d5 2. exd5 Qxd5 3. Nc3 Qa5 4. Bc4 Nf6 5. d3 c6 6. Bd2 Bf5 7. Nf3 e6 8.
Nd5 Qd8 9. Nxf6+ Qxf6 10. Bc3 Qg6 11. Nh4 Qg5 12. Nxf5 Qxf5 13. O-O Nd7 14. Re1
Bd6 15. Bxg7 Rg8 16. Bc3 O-O-O 17. d4 Qh3 18. g3 Rg6 19. Bf1 Qh4 20. Bg2 Qg5
21. Bd2 Qf6 22. Be4 Rg7 23. c3 Rdg8 24. Be3 Qh4 25. Bg2 Qf6 26. Qa4 a6 27. Bxc6
bxc6 28. Qxc6+ Bc7 29. Qxa6+ Kd8 30. Qa8+ Nb8 31. Qb7 Qf5 32. c4 f6 33. Qa8 Kd7
34. d5 e5 35. c5 Rc8 36. Qa4+ Ke7 37. d6+ Kf7 38. dxc7 Rxc7 39. Qb3+ Kg6 40.
Qxb8 Rb7 41. Qe8+ Rgf7 42. Rab1 h5 43. c6 Rbe7 44. Qg8+ Rg7 45. Qd5 h4 46. Kh1
h3 47. b4 Qc2 48. Rbc1 Qa4 49. Qa5 Qxa5 50. bxa5 e4 51. a6 f5 52. a7 Re8 53. c7
Ra8 54. c8=Q Rxc8 55. Rxc8 f4 56. a8=Q fxe3 57. Qxe4+ Kf7 58. Qf5+ Ke7 59.
Rxe3+ Kd6 60. Qd3# {Yousef checkmated} 1-0

[Event "ICS rated standard match"]
[Site "204.178.125.65"]
[Date "2000.05.21"]
[Round "?"]
[White "Amateur"]
[Black "Hossa"]
[Result "1-0"]
[WhiteElo "2295"]
[BlackElo "2314"]
[PlyCount "125"]
[EventDate "2000.??.??"]

1. c4 e6 2. Nc3 d5 3. d4 c5 4. cxd5 exd5 5. dxc5 d4 6. Na4 Nc6 7. a3 b5 8. cxb6
axb6 9. e3 Nge7 10. Ne2 d3 11. Nf4 Ba6 12. Qb3 g5 13. Nh5 Qd6 14. Qc3 Ne5 15.
Nxb6 Rd8 16. h4 g4 17. e4 Rb8 18. Bf4 N7g6 19. Bxe5 Nxe5 20. Nd5 Bh6 21. Nhf6+
Kd8 22. Nxg4 Bg7 23. Qa5+ Kd7 24. Qa4+ Kd8 25. Nxe5 Bxe5 26. Rd1 Rxb2 27. Bxd3
Bb7 28. O-O Bc6 29. Qa5+ Ke8 30. Nb4 Rxb4 31. axb4 Rg8 32. Bc4 Bxe4 33. Bb5+
Ke7 34. Qa7+ Kf8 35. f3 Bxf3 36. Qxf7+ Kxf7 37. Rxf3+ Kg7 38. Rxd6 Bxd6 39. Bc4
Rf8 40. Rxf8 Kxf8 41. b5 Bg3 42. h5 h6 43. b6 Ke7 44. b7 Kd7 45. Bd5 Kc7 46.
Kf1 Kb6 47. Ke2 Kc5 48. Be4 Kb6 49. Kf3 Be5 50. g4 Kc7 51. g5 Bg7 52. Kf4 Bd4
53. gxh6 Kb8 54. h7 Bh8 55. Kg5 Bd4 56. Kg6 Bc3 57. Kf7 Kc7 58. Kg8 Bd2 59.
h8=Q Bf4 60. Qd4 Kb8 61. Qd8+ Ka7 62. b8=Q+ Bxb8 63. Qa5# {Hossa checkmated}
1-0

[Event "ICS rated standard match"]
[Site "204.178.125.65"]
[Date "2000.05.21"]
[Round "?"]
[White "Hossa"]
[Black "QueenMaxima"]
[Result "1-0"]
[WhiteElo "2297"]
[BlackElo "2372"]
[PlyCount "195"]
[EventDate "2000.??.??"]

1. e4 c5 2. Nf3 d6 3. c3 Nf6 4. Bd3 Nc6 5. O-O Bg4 6. Bc2 Qc7 7. Na3 O-O-O 8.
d4 g6 9. Be3 Kb8 10. Rc1 Qb6 11. Rb1 Bg7 12. Nc4 Qa6 13. Ncd2 cxd4 14. cxd4 e6
15. a3 Rc8 16. Rc1 Rhd8 17. h3 Bxf3 18. Nxf3 h5 19. Bd3 Qa5 20. Rc2 Bh8 21. Qc1
Bg7 22. b4 Qa4 23. Bf4 Ne8 24. Bg5 f6 25. Be3 f5 26. Re1 Nc7 27. Bg5 Re8 28. e5
dxe5 29. dxe5 Bf8 30. Qb2 a5 31. Ra1 Nd5 32. b5 Na7 33. b6 Nxb6 34. Rb1 Bc5 35.
Rxc5 Rxc5 36. Be3 Qc6 37. Bxc5 Qxc5 38. Qxb6 Qxb6 39. Rxb6 Kc7 40. Rb1 Nc6 41.
Rb5 Re7 42. Bc4 b6 43. Rb1 Kb7 44. Rd1 Kc7 45. Ba6 Rd7 46. Rxd7+ Kxd7 47. Bb5
Kc7 48. a4 Kb7 49. Bc4 Ne7 50. Bxe6 Kc6 51. Bf7 Kc5 52. Be8 Kd5 53. Kh2 f4 54.
g3 fxg3+ 55. Kxg3 Ke4 56. h4 Nf5+ 57. Kg2 Ne7 58. Bb5 Kd5 59. Kg3 Ke4 60. Bd7
Ng8 61. Bc6+ Kf5 62. Bd5 Ne7 63. Bb3 Ke4 64. Bc2+ Kd5 65. Kf4 Kc4 66. Kg5 b5
67. axb5 Kxb5 68. Bxg6 a4 69. Bxh5 Nd5 70. Bf7 Kc5 71. h5 a3 72. Nd2 Kc6 73.
Nb3 Nc3 74. h6 a2 75. Na1 Ne4+ 76. Kf5 Nc3 77. h7 Kc7 78. f4 Nb5 79. Bxa2 Nc3
80. Bf7 Ne2 81. Bc4 Nd4+ 82. Kf6 Nc6 83. Nb3 Kd8 84. e6 Kc8 85. Nd4 Nxd4 86. e7
Kb7 87. e8=Q Kb6 88. Qd8+ Kc5 89. Qxd4+ Kxd4 90. h8=Q Kxc4 91. f5 Kc3 92. Ke5
Kc4 93. f6 Kc3 94. f7 Kb3 95. f8=Q Kc2 96. Qf3 Kc1 97. Qf2 Kd1 98. Qh1# 1-0

[Event "ICS rated blitz match"]
[Site "204.178.125.65"]
[Date "2000.05.21"]
[Round "?"]
[White "QueenMaxima"]
[Black "Hossa"]
[Result "0-1"]
[WhiteElo "2532"]
[BlackElo "2458"]
[PlyCount "162"]
[EventDate "2000.??.??"]

1. d4 Nf6 2. c4 e6 3. Nc3 Bb4 4. e3 b6 5. Bd3 Bb7 6. Nf3 Ne4 7. O-O Nxc3 8.
bxc3 Bxc3 9. Rb1 Nc6 10. Qc2 Ba5 11. Ba3 Ne7 12. Be4 Bxe4 13. Qxe4 d6 14. d5 e5
15. Ng5 Ng8 16. f4 Nf6 17. Qf5 g6 18. Qh3 Nh5 19. Bb2 Qe7 20. g4 Ng7 21. fxe5
Qxg5 22. exd6 Bd2 23. Bxg7 Qxe3+ 24. Qxe3+ Bxe3+ 25. Kg2 Rg8 26. Bf6 Kd7 27.
dxc7 Rae8 28. Bd8 f5 29. Rbe1 h5 30. gxh5 gxh5+ 31. Kh3 f4 32. Re2 Re4 33. d6
Rxc4 34. Be7 Rg4 35. Rf3 Rc1 36. a3 a6 37. Rg2 Rxg2 38. Kxg2 Rc2+ 39. Kh3 b5
40. Bf8 a5 41. Be7 b4 42. axb4 axb4 43. Rf1 b3 44. Rb1 b2 45. Bf6 Bc1 46. Be5
f3 47. Kg3 f2 48. Kg2 Rd2 49. Bg3 Re2 50. Bxf2 Rc2 51. Kf3 Kxd6 52. Bg3+ Kd5
53. h4 Kd4 54. Bh2 Rc4 55. Ke2 Kc3 56. Kd1 Kb3 57. Bg3 Ka2 58. Rxb2+ Bxb2 59.
Bd6 Bc3 60. Ke2 Ba5 61. c8=R Rxc8 62. Bf4 Bd8 63. Kd3 Bxh4 64. Ke4 Kb3 65. Kf3
Rf8 66. Ke4 Rf7 67. Bd6 Bg5 68. Be5 Re7 69. Kf5 Rxe5+ 70. Kxe5 h4 71. Ke4 h3
72. Kf3 Bh4 73. Kg4 h2 74. Kxh4 Kc3 75. Kg5 Kd4 76. Kh4 Ke5 77. Kh3 h1=Q+ 78.
Kg3 Ke4 79. Kf2 Qh2+ 80. Ke1 Ke3 81. Kf1 Qh1# 0-1

[Event "ICS rated blitz match"]
[Site "204.178.125.65"]
[Date "2000.05.21"]
[Round "?"]
[White "Amateur"]
[Black "Hossa"]
[Result "1-0"]
[WhiteElo "2598"]
[BlackElo "2477"]
[PlyCount "115"]
[EventDate "2000.??.??"]

1. e4 c5 2. Nf3 d6 3. d4 cxd4 4. Nxd4 e5 5. Nf3 Nf6 6. Bc4 Be7 7. Nc3 Nc6 8.
O-O Be6 9. Bxe6 fxe6 10. Ng5 Qd7 11. Be3 O-O 12. Qd3 Ng4 13. Bd2 h6 14. Nh3 Nb4
15. Qe2 Nf6 16. Be3 d5 17. a3 Nc6 18. exd5 exd5 19. Rad1 d4 20. Qc4+ Rf7 21.
Ne2 Bd6 22. Bd2 Rc8 23. Qb3 Rcf8 24. Ng3 e4 25. Nf4 Bxf4 26. Bxf4 Qg4 27. Bd6
Rd8 28. Bc5 b6 29. Bb4 Qf4 30. Qc4 Qc7 31. Bd2 Qb7 32. Rfe1 Re8 33. Bf4 b5 34.
Qb3 b4 35. Nf5 bxa3 36. Qxa3 Rd8 37. Nd6 Rxd6 38. Bxd6 Qd7 39. h3 g6 40. Bc5
Qd5 41. b4 a5 42. bxa5 Qe5 43. a6 Qc7 44. Bxd4 Nxd4 45. Rxd4 Kg7 46. Rb1 e3 47.
fxe3 Nh5 48. Rb7 Qc8 49. Rxf7+ Kxf7 50. a7 Ng3 51. Rf4+ Ke6 52. Qb3+ Ke7 53.
Rf7+ Kd6 54. Rf6+ Kc5 55. Qb6+ Kc4 56. Qd4+ Kb5 57. Rb6+ Ka5 58. Qb4# {
Hossa checkmated} 1-0

[Event "ICS rated standard match"]
[Site "204.178.125.65"]
[Date "2000.05.21"]
[Round "?"]
[White "PostModernist"]
[Black "Hossa"]
[Result "1/2-1/2"]
[WhiteElo "2431"]
[BlackElo "2316"]
[PlyCount "175"]
[EventDate "2000.??.??"]

1. e4 e5 2. Bc4 Nf6 3. d3 Nc6 4. Nf3 Bc5 5. Nc3 d6 6. Bg5 Na5 7. Bb3 Bg4 8. Nd5
c6 9. Nxf6+ gxf6 10. Bd2 Nxb3 11. axb3 d5 12. h3 Bh5 13. Qe2 dxe4 14. dxe4 Bxf3
15. Qxf3 Qe7 16. O-O h5 17. b4 Bb6 18. Bc1 Rg8 19. Rd1 h4 20. Qf5 Rg6 21. Bd2
Bd4 22. Bc3 Bxc3 23. bxc3 a6 24. Qh5 Qf8 25. Qxh4 Qg7 26. g3 Rh6 27. Qg4 Qxg4
28. hxg4 Ke7 29. Kg2 Rg8 30. Kf3 Rhg6 31. Rd2 Rd8 32. Rxd8 Kxd8 33. c4 Rg5 34.
c3 Ke8 35. b5 axb5 36. cxb5 Kd7 37. bxc6+ Kxc6 38. Rh1 Kd6 39. Rh7 Ke6 40. Rh8
Kd6 41. Rd8+ Kc6 42. Rc8+ Kd6 43. Rb8 Kc7 44. Re8 Kd6 45. Rh8 Rg7 46. Rf8 Kc5
47. Ke3 b5 48. Rc8+ Kd6 49. f3 Rh7 50. Rf8 Kc6 51. Kd3 Kc5 52. Rc8+ Kb6 53.
Rb8+ Kc5 54. Ra8 Kb6 55. Rd8 Kc5 56. Rf8 Kc6 57. Kc2 Rh2+ 58. Kb3 Rf2 59. Rxf7
Rxf3 60. g5 Kc5 61. Rxf6 Re3 62. Rf5 Rxe4 63. g6 Rg4 64. Rxe5+ Kc6 65. Re6+ Kc5
66. Rf6 Rxg3 67. Ra6 b4 68. Ra5+ Kb6 69. Kxb4 Rxg6 70. c4 Kc7 71. c5 Rg4+ 72.
Kb5 Kc8 73. Kb6 Rb4+ 74. Kc6 Kb8 75. Rb5+ Rxb5 76. Kxb5 Kb7 77. c6+ Kc7 78. Kc5
Kc8 79. Kd6 Kd8 80. Ke5 Kc7 81. Kd5 Kc8 82. Ke4 Kc7 83. Kd5 Kc8 84. Kc5 Kc7 85.
Kb5 Kc8 86. Kb6 Kb8 87. c7+ Kc8 88. Kc6 {Hossa stalemated} 1/2-1/2

[Event "ICS rated standard match"]
[Site "204.178.125.65"]
[Date "2000.05.21"]
[Round "?"]
[White "Hossa"]
[Black "QueenMaxima"]
[Result "1-0"]
[WhiteElo "2321"]
[BlackElo "2357"]
[PlyCount "183"]
[EventDate "2000.??.??"]

1. e4 c5 2. Nf3 d6 3. d4 cxd4 4. Qxd4 a6 5. Be3 Nc6 6. Qb6 Qxb6 7. Bxb6 Nf6 8.
Nc3 Bg4 9. h3 Bxf3 10. gxf3 g6 11. O-O-O Bg7 12. Kb1 Rc8 13. Be3 O-O 14. Ne2
Nd7 15. Nf4 Nf6 16. c3 Ne5 17. Be2 b5 18. Rhg1 Kh8 19. Bd4 Nc6 20. Bxf6 Bxf6
21. Nd5 Bh4 22. Rg2 f5 23. c4 b4 24. exf5 Rxf5 25. f4 Rff8 26. Bg4 Rb8 27. Bd7
Na5 28. b3 Rb7 29. Be6 Nc6 30. f5 g5 31. f6 a5 32. Kb2 h5 33. fxe7 Nxe7 34.
Nxe7 Rxe7 35. Rxd6 Rf6 36. Rd8+ Kg7 37. Bc8 Re2+ 38. Kb1 Re1+ 39. Kc2 Ra1 40.
Kb2 Rf1 41. Rd7+ Kg6 42. a4 Rf8 43. Rd6+ Kg7 44. Bb7 Rf7 45. Be4 R7xf2+ 46.
Rxf2 Rxf2+ 47. Kc1 Bg3 48. Rd5 Bf4+ 49. Kd1 Rh2 50. Bf5 Kf6 51. Rxa5 Rd2+ 52.
Ke1 Rb2 53. Rd5 Rxb3 54. a5 Re3+ 55. Kf1 Rc3 56. Bd3 b3 57. Ke2 Rc2+ 58. Kf3
Rh2 59. Bf1 b2 60. Rb5 Bd6 61. a6 Bc5 62. Bg2 g4+ 63. hxg4 hxg4+ 64. Kg3 Bd6+
65. Kf2 Bc5+ 66. Kf1 Bd4 67. c5 g3 68. a7 Rh8 69. Rb8 Be5 70. a8=Q Rxb8 71.
Qc6+ Ke7 72. Be4 g2+ 73. Kxg2 b1=Q 74. Bxb1 Rb2+ 75. Kf3 Rb3+ 76. Ke4 Rxb1 77.
Kxe5 Re1+ 78. Kd5 Rd1+ 79. Kc4 Rc1+ 80. Kb5 Rb1+ 81. Ka6 Ra1+ 82. Kb7 Rb1+ 83.
Qb6 Rxb6+ 84. cxb6 Kd7 85. Ka7 Kd6 86. b7 Kc7 87. b8=Q+ Kd7 88. Qe5 Kc6 89. Qd4
Kb5 90. Kb7 Ka5 91. Kc6 Ka6 92. Qa4# 1-0

[Event "ICS rated standard match"]
[Site "204.178.125.65"]
[Date "2000.05.21"]
[Round "?"]
[White "QueenMaxima"]
[Black "Hossa"]
[Result "0-1"]
[WhiteElo "2339"]
[BlackElo "2339"]
[PlyCount "114"]
[EventDate "2000.??.??"]

1. e4 e5 2. Nf3 Nc6 3. Bb5 a6 4. Ba4 Nf6 5. O-O Be7 6. Re1 b5 7. Bb3 d6 8. c3
O-O 9. h3 Nd7 10. d4 Bf6 11. a4 Bb7 12. Na3 exd4 13. cxd4 Re8 14. Bf4 Na5 15.
Bc2 b4 16. Nb1 b3 17. Bd3 c5 18. Nbd2 cxd4 19. Nxb3 Nxb3 20. Qxb3 Nc5 21. Qc2
Rc8 22. Qb1 a5 23. Bd2 Nxd3 24. Qxd3 Qe7 25. Bxa5 Bxe4 26. Qa3 Qa7 27. b4 d3
28. Rac1 Bxf3 29. Rxc8 Rxc8 30. gxf3 d2 31. Rd1 Bc3 32. Qb3 Qe7 33. Kg2 Qg5+
34. Kf1 Qf5 35. Kg2 Bd4 36. b5 Qg5+ 37. Kh2 Bxf2 38. f4 Qxf4+ 39. Kg2 Be3 40.
Rf1 Qe4+ 41. Kg3 Rc4 42. Bxd2 Bxd2 43. Rf3 Bf4+ 44. Kg2 Rc2+ 45. Qxc2 Qxc2+ 46.
Kf1 Qxa4 47. b6 Qa6+ 48. Kg2 Qe2+ 49. Rf2 Qe4+ 50. Rf3 Be3 51. h4 Bxb6 52. h5
f5 53. h6 f4 54. hxg7 Qe2+ 55. Kh1 Qxf3+ 56. Kh2 Qf2+ 57. Kh3 Qg3# 0-1

[Event "ICS Rated standard match"]
[Site "204.178.125.65"]
[Date "2000.05.21"]
[Round "?"]
[White "Hossa"]
[Black "PostModernist"]
[Result "1-0"]
[WhiteElo "2355"]
[BlackElo "2426"]
[PlyCount "85"]
[EventDate "2000.??.??"]

1. e4 c5 2. Nf3 d6 3. d4 Nf6 4. dxc5 Qa5+ 5. c3 Qxc5 6. Bd3 g6 7. Na3 Bg7 8.
Be3 Qa5 9. Nc4 Qh5 10. Be2 O-O 11. O-O Na6 12. e5 dxe5 13. Nfxe5 Qh4 14. Bf3
Ne8 15. Qd2 f6 16. Bd5+ e6 17. g3 Qh3 18. Bg2 Qh5 19. Bf3 Qh3 20. Bg4 Qxf1+ 21.
Rxf1 fxe5 22. Re1 e4 23. Nd6 Nf6 24. Qe2 Nc7 25. Bg5 Nxg4 26. Qxg4 Rf5 27. Be3
Bf8 28. Nxc8 Rxc8 29. Qxe4 Rb5 30. Rb1 Rb8 31. a4 Rd5 32. Bxa7 Rbd8 33. Bb6
R5d7 34. f4 Bg7 35. Rf1 Bf6 36. a5 Rb8 37. Ba7 Rbd8 38. Qxb7 Nd5 39. Qa6 Rd6
40. Qb5 Rc8 41. Re1 Ne7 42. Bf2 Rd5 43. Qb7 1-0

[Event "ICS Rated standard match"]
[Site "204.178.125.65"]
[Date "2000.05.21"]
[Round "?"]
[White "PostModernist"]
[Black "Hossa"]
[Result "1-0"]
[WhiteElo "2407"]
[BlackElo "2374"]
[PlyCount "103"]
[EventDate "2000.??.??"]

1. d4 Nf6 2. c4 e6 3. g3 Bb4+ 4. Bd2 Nc6 5. Nf3 d5 6. Bg2 O-O 7. Bxb4 Nxb4 8.
O-O dxc4 9. Na3 Rb8 10. Nxc4 Bd7 11. a3 Nbd5 12. Nce5 Bb5 13. a4 Ba6 14. Rc1 c6
15. Re1 Ne4 16. Qc2 Ndf6 17. e3 Qa5 18. Nh4 Nd6 19. Qc5 Qxc5 20. dxc5 Nc8 21.
g4 h6 22. f4 Ra8 23. b4 Ne7 24. Rb1 g5 25. Nhf3 gxf4 26. b5 cxb5 27. axb5 fxe3
28. bxa6 bxa6 29. Rxe3 Rfc8 30. Rc1 Ned5 31. Ra3 Nf4 32. Bf1 N6d5 33. Rxa6 Kg7
34. Nc6 Rc7 35. Re1 Kf6 36. Bc4 Nc3 37. Kf2 Ng6 38. Nfd4 Rb7 39. Nxe6 Rb2+ 40.
Kg3 fxe6 41. Rxe6+ Kg7 42. Nd4 Nh4 43. Kxh4 Rxh2+ 44. Kg3 Rf2 45. Rg6+ Kh8 46.
Rxh6+ Kg7 47. Rag6+ Kf8 48. Rg8+ Ke7 49. Nc6+ Kd7 50. Ne5+ Kc7 51. Rh7+ Rf7 52.
Rxf7# {Hossa checkmated} 1-0

[Event "ICS rated blitz match"]
[Site "204.178.125.65"]
[Date "2000.05.21"]
[Round "?"]
[White "Hossa"]
[Black "DjStratos"]
[Result "1-0"]
[WhiteElo "2466"]
[BlackElo "2100"]
[PlyCount "29"]
[EventDate "2000.??.??"]

1. e4 c5 2. Nf3 g6 3. Nc3 e6 4. d4 Nf6 5. e5 Nd5 6. Nxd5 exd5 7. dxc5 Qa5+ 8.
c3 Qxc5 9. Be3 Qc6 10. Nd4 Qc7 11. Bf4 d6 12. exd6 Bxd6 13. Qe2+ Kf8 14. Bh6+
Kg8 15. Qe8+ {DjStratos resigns} 1-0

[Event "ICS rated blitz match"]
[Site "204.178.125.65"]
[Date "2000.05.21"]
[Round "?"]
[White "DjStratos"]
[Black "Hossa"]
[Result "0-1"]
[WhiteElo "2084"]
[BlackElo "2466"]
[PlyCount "30"]
[EventDate "2000.??.??"]

1. e4 e5 2. Nf3 Nc6 3. Bc4 Bc5 4. d4 exd4 5. Bd3 Nf6 6. Bf4 d5 7. e5 Ne4 8. Bb5
g5 9. Nxd4 Bxd4 10. Qxd4 gxf4 11. Bxc6+ bxc6 12. e6 O-O 13. exf7+ Rxf7 14. Qe5
Re7 15. Qf6 Nxf6+ {DjStratos resigns} 0-1